Normal view
MARC view
- Society of Ecotoxicology and Environmental Safety.
Entry Corporate Name
001 - CONTROL NUMBER
- control field: 2491
003 - CONTROL NUMBER IDENTIFIER
- control field: NUST
005 - DATE AND TIME OF LATEST TRANSACTION
- control field: 20170613104454.0
008 - FIXED-LENGTH DATA ELEMENTS
- fixed length control field: 170613|| aca||aabn | a|a d
040 ## - CATALOGING SOURCE
- Original cataloging agency: NUST
- Transcribing agency: NUST
110 ## - HEADING--CORPORATE NAME
- Corporate name or jurisdiction name as entry element: Society of Ecotoxicology and Environmental Safety.
- Subordinate unit: Regional Meeting
- Date of meeting or treaty signing: (1993 :
- Location of meeting: Istituto Superiore di Sanità)
670 ## - SOURCE DATA FOUND
- Source citation: Work cat.: (NUST)0: Stake,M 2490, Environmental toxicology :, 2003.
